Statistics for Olympic Competing Nations by Abbreviation #1

Click here to take the quiz!

General Stats

  • This quiz has been taken 2,553 times
    (2,551 since last reset)
  • The average score is 16 of 20

Answer Stats

CodeNation% Correct
USAUnited States
100%
FRAFrance
99%
RUSRussia
99%
CHNChina
98%
THAThailand
98%
ZIMZimbabwe
96%
NZLNew Zealand
95%
URUUruguay
95%
GBRGreat Britain
94%
DJIDjibouti
90%
ESPSpain
90%
ROURomania
87%
SINSingapore
82%
NEDNetherlands
74%
PRKNorth Korea
72%
INAIndonesia
63%
MKDMacedonia
59%
FSMMicronesia
47%
KSASaudi Arabia
35%
PLEPalestine
20%

Score Distribution

Percentile by Number Answered

Percent of People with Each Score

Your Score History

You have not taken this quiz since the last reset